Statistiques concernant Les meilleurs buteurs de l'histoire du Stade brestois

Cliquez ici pour prendre le quiz!

Statistiques générales

  • Ce quiz a été pris 34 fois
  • Le résultat moyen est 5 sur 10

Statistiques - réponses

ButsNationalitéJoueur% Correct
30BéninSteve Mounié
86%
53FranceBruno Grougi
75%
53FranceGaëtan Charbonnier
71%
29FranceNolan Roux
71%
47CroatieDrago Vabec
50%
25FranceFranck Honorat
43%
64FranceGérard Buscher
21%
25TogoJonathan Ayité
18%
40FranceRichard Socrier
14%
25FrancePascal Mariini
0%

Distribution des résultats

Percentile par nombre de réponses

% des personnes avec chaque résultat

Votre développement - résultats

Vous n’avez pas pris ce quiz